| 000 | 00374pab a2200145 454500 | ||
|---|---|---|---|
| 008 | 180718b2003 xxu||||| |||| 00| 0 eng d | ||
| 100 | _aAnderson-Berry, Linda J. | ||
| 245 | _aCommunity vulnerability to tropical cyclones: Cairns, 1996-2000 | ||
| 260 | _c2003 | ||
| 300 | _ap.209-32. | ||
| 362 | _aOct | ||
| 650 | _aCyclones | ||
| 773 | _aNatural Hazards | ||
| 909 | _a58692 | ||
| 999 |
_c58692 _d58692 |
||